000 00518cam a22002171 4500
001 sa 68004234
003 DLC
005 20260227112500.0
008 940922s1965 ii c 000 0 telo
010 _asa 68004234
025 _aPL480:I-Te-1583
035 _a(OCoLC)31160519
040 _aDLC
_cCU
_dCU
_dDLC
042 _apremarc
050 0 0 _aPL4780.8
_b.M3
245 0 0 _aMāremma guḍi.
260 _c[1965]
300 _a111 p.
_bport.
_c19 cm.
500 _aIn Telugu.
650 0 _aShort stories, Telugu.
999 _c80067
_d80067